000 00336nam a2200157Ia 4500
100 _aVan valkenburgh.
650 _aElectrical Engineering
490 _v1
942 _cBK
654 _aelectricity
245 _aBasic electricity
260 _bUniversal Book Stall
_c1989
082 _a621.3
300 _a158
546 _aENGLISH
999 _c35673
_d35673